On common best proximity pair theorems

The existence of common best proximity points for a finite commuting family of relatively nonexpansive mappings is proved. In a Hilbert space setting, the result is proved for an arbitrary family of commuting relatively nonexpansive mappings. Also the structure of the set consisting of all best prox...

Teljes leírás

Elmentve itt :
Bibliográfiai részletek
Szerzők: Eldred A. Anthony
Raj V. Sankar
Dokumentumtípus: Cikk
Megjelent: Bolyai Institute, University of Szeged Szeged 2009
Sorozat:Acta scientiarum mathematicarum 75 No. 3-4
Kulcsszavak:Matematika
Tárgyszavak:
Online Access:http://acta.bibl.u-szeged.hu/16329
LEADER 01140nab a2200229 i 4500
001 acta16329
005 20260310115349.0
008 161015s2009 hu o 000 eng d
022 |a 0001-6969 
040 |a SZTE Egyetemi Kiadványok Repozitórium  |b hun 
041 |a eng 
100 1 |a Eldred A. Anthony 
245 1 3 |a On common best proximity pair theorems  |h [elektronikus dokumentum] /  |c  Eldred A. Anthony 
260 |a Bolyai Institute, University of Szeged  |b Szeged  |c 2009 
300 |a 707-721 
490 0 |a Acta scientiarum mathematicarum  |v 75 No. 3-4 
520 3 |a The existence of common best proximity points for a finite commuting family of relatively nonexpansive mappings is proved. In a Hilbert space setting, the result is proved for an arbitrary family of commuting relatively nonexpansive mappings. Also the structure of the set consisting of all best proximity points of a relatively nonexpansive map is discussed. 
650 4 |a Természettudományok 
650 4 |a Matematika 
695 |a Matematika 
700 0 1 |a Raj V. Sankar  |e aut 
856 4 0 |u http://acta.bibl.u-szeged.hu/16329/1/math_075_numb_003_004_707-721.pdf  |z Dokumentum-elérés